[Event "Gibraltar Masters"]
[Site "Caleta ENG"]
[Date "2011.01.27"]
[Round "3.41"]
[White "Urbina Perez,J"]
[Black "Zhukova,N"]
[Result "1/2-1/2"]
[WhiteElo "2189"]
[BlackElo "2441"]

1.e4 e6 2.d4 d5 3.Nd2 a6 4.Ngf3 Nf6 5.Bd3 c5 6.exd5 exd5 7.dxc5 Bxc5 8.Nb3 Bb6
9.Qe2+ Qe7 10.Qxe7+ Kxe7 11.Bg5 h6 12.Bxf6+ Kxf6 13.O-O Nc6 14.c3 Bg4 15.Nbd4 Na5
16.Rfe1 Rhe8 17.h3 Bd7 18.Rad1 Nc6 19.Kf1 g5 20.Rxe8 Rxe8 21.Re1 Rxe1+ 22.Kxe1 Nd8
23.Ke2 Ne6 24.Nxe6 fxe6 25.c4 Bc6 26.cxd5 Bxd5 27.b3 Ke7 28.g3 Kd6 29.Nd2 Bd8
30.Nc4+ Kc5 31.Ne3 Kb4 32.Nxd5+ exd5 33.Bg6 Ka3 34.Bf7 d4 35.Kd3 Bf6 36.Bd5 b6
37.b4 Kxb4 38.f4 gxf4 39.gxf4 Ka3 40.Kc2 a5 41.Be6 b5 42.Bf7 Kb4 43.Kd3 Kc5
44.Be8 Be7 45.Bf7 Bh4 46.Be6 Bg3 47.Ke4 Bf2 48.Bf7 Kb4 49.Kd3 Be3 50.Be6 Kc5
51.Ke4 a4 52.Bd7 Bc1 53.f5 Bg5 54.Kd3 Bf6 55.Be8 Kb4 56.Bf7 Ka5 57.Be6 Kb6
58.Bd7 Kc5 59.Be8 a3 60.Bf7 Kd6 61.Ke4 b4 62.Bb3 Ke7 63.Kd3 Be5 64.Kc4 Kf6
65.Kxb4 Kxf5 66.Kc4 Ke4 67.Bc2+ Ke3 68.Bf5 Kd2 69.Bg6 Kc1 70.Kd3 Bf6  1/2-1/2

[Event "TCh-HUN 2010-11"]
[Site "Nagykanizsa HUN"]
[Date "2011.01.30"]
[Round "5"]
[White "Gara,T"]
[Black "Erdos,B"]
[Result "1-0"]
[WhiteElo "2348"]
[BlackElo "2154"]

1.e4 e6 2.d4 d5 3.Nd2 a6 4.Ngf3 Nf6 5.e5 Nfd7 6.c4 c5 7.cxd5 exd5 8.dxc5 Nc6
9.Nb3 Ndxe5 10.Be2 Be7 11.O-O O-O 12.Bf4 Ng6 13.Bg3 Re8 14.Qd2 Be6 15.Rac1 Rc8
16.Rfd1 Bf6 17.Nbd4 Bd7 18.Rc2 a5 19.Nb5 Nb4 20.Rcc1 Nxa2 21.Ra1 Nb4 22.Nd6 Bc6
23.Nxc8 Qxc8 24.Rxa5 Qd8 25.Rda1 d4 26.Qxb4 Rxe2  1-0

[Event "TCh-HUN 2010-11"]
[Site "Paks HUN"]
[Date "2011.01.30"]
[Round "5"]
[White "Papp,Ga"]
[Black "Toth,E"]
[Result "0-1"]
[WhiteElo "2526"]
[BlackElo "2414"]

1.e4 e6 2.d4 d5 3.Nd2 Be7 4.c3 c5 5.dxc5 Bxc5 6.Bd3 Nc6 7.Ngf3 Nf6 8.Qe2 O-O
9.O-O Bb6 10.e5 Nd7 11.Nb3 f6 12.exf6 Nxf6 13.Nbd4 Qd6 14.Be3 Bd8 15.Nxc6 bxc6
16.Bd4 c5 17.Be5 Qb6 18.Rae1 a5 19.c4 Ra7 20.Ng5 h6 21.Nh3 dxc4 22.Bxc4 Nd5
23.f4 Ba6 24.b3 Bf6 25.f5 Bxc4 26.bxc4 exf5 27.cxd5 Re7 28.Rb1 Qa7 29.Rxf5 Rfe8
30.Rxf6 gxf6 31.Bb8 Rxe2 32.Bxa7 c4 33.Nf4 Rd2 34.Ne6 c3 35.Be3 Rxd5 36.Nc7 c2
37.Rf1 Rxe3 38.Nxd5 Rd3 39.Nf4 Rd2 40.a4 Kf7 41.g4 Kg8 42.h4 Kh7 43.h5 Kg8
44.g5 hxg5  0-1

[Event "Gibraltar Masters"]
[Site "Caleta ENG"]
[Date "2011.01.31"]
[Round "7.55"]
[White "Estrada Nieto,J"]
[Black "Lipecki,A"]
[Result "1-0"]
[WhiteElo "2309"]
[BlackElo "2126"]

1.e4 e6 2.d4 d5 3.Nd2 Nc6 4.Ngf3 Nf6 5.e5 Nd7 6.Be2 Be7 7.O-O O-O 8.c4 b6
9.Re1 Bb7 10.cxd5 exd5 11.Nf1 Nb4 12.a3 Na6 13.Ne3 c6 14.Nf5 Nc7 15.Nxe7+ Qxe7
16.Bg5 Qe6 17.Bd3 Qg4 18.Be7 Rfe8 19.Bxh7+ Kh8 20.Bd6 Ne6 21.h3 Qh5 22.Bd3 Nf4
23.Bf1 Re6 24.g3 Ng6 25.h4 f6 26.Bh3 Rae8 27.Bxe6 Rxe6 28.Bc7 Nf4 29.exf6 Rxe1+
30.Qxe1 Nxf6 31.Bxf4 Qxf3 32.Qe3 Qg4 33.Be5 Nd7 34.Qf4 Nxe5 35.Qxe5 c5 36.Re1 Kh7
37.Qe2 Qf5 38.Rd1 c4 39.Re1 Qg6 40.Qe6 Qd3 41.Qf7 Bc6 42.h5 Qd2 43.Re7 Qxd4
44.Qg6+  1-0

[Event "33rd Bulgarian Open"]
[Site "Plovdiv BUL"]
[Date "2011.01.31"]
[Round "2.14"]
[White "Krivoshijski,Asen"]
[Black "Antic,De"]
[Result "0-1"]
[WhiteElo "2068"]
[BlackElo "2495"]

1.e4 e6 2.d4 d5 3.Nd2 Be7 4.Ngf3 Nf6 5.Bd3 c5 6.c3 cxd4 7.cxd4 dxe4 8.Nxe4 Bd7
9.O-O Bc6 10.Qe2 O-O 11.Bg5 Nxe4 12.Bxe7 Qxe7 13.Bxe4 Rd8 14.Rad1 Bxe4 15.Qxe4 Nc6
16.a3 Rd5 17.Rd3 Rad8 18.Rfd1 Qd7 19.h4 e5 20.Ng5 f5 21.Qe2 h6 22.Qh5 e4
23.Rh3 Qe8  0-1

[Event "Oceania Zonal"]
[Site "Rotorua NZL"]
[Date "2011.01.31"]
[Round "9.22"]
[White "Davis,J"]
[Black "Forster,W"]
[Result "0-1"]
[WhiteElo "2023"]
[BlackElo "1908"]

1.e4 e6 2.d4 d5 3.Nd2 Nc6 4.e5 Nxd4 5.c3 Nc6 6.Bd3 Nxe5 7.Bc2 Nf6 8.Ngf3 Nxf3+
9.Nxf3 Bd7 10.Bf4 Be7 11.Be5 Bd6 12.Qe2 Qe7 13.a4 c5 14.g4 Bxe5 15.Nxe5 Bc6
16.a5 Qc7 17.a6 b5 18.g5 Ne4 19.Nf3 Qf4 20.b4 Nxc3 21.Qd3 d4 22.Nd2 Bxh1
23.Ra3 c4 24.Qh3 Qe5+ 25.Kf1 Qe2+ 26.Kg1 Qxd2 27.Kxh1 Qxc2 28.Rxc3 Qxc3 29.Qg4 Qe1+
30.Kg2 Qe5 31.Qf3 Qd5  0-1

[Event "Gibraltar Masters"]
[Site "Caleta ENG"]
[Date "2011.02.01"]
[Round "8.90"]
[White "Hegvik,Leif Trygve"]
[Black "Wilson,A"]
[Result "0-1"]
[WhiteElo "1814"]
[BlackElo "2037"]

1.e4 e6 2.d4 d5 3.Nd2 a6 4.Bd3 Nf6 5.Ne2 c5 6.c3 Nc6 7.e5 Nd7 8.Nf3 Be7 9.O-O g5
10.Ne1 cxd4 11.cxd4 Qb6 12.Bc2 Nf8 13.b3 Bd7 14.Be3 Ng6 15.Nd3 O-O-O 16.b4 f5
17.exf6 Bxf6 18.Ne5 Rhf8 19.a4 Nxb4 20.Nxd7 Rxd7 21.a5 Qd6 22.Bc1 Nxc2 23.Qxc2+ Rc7
24.Qb3 Qd7 25.Ba3 Rf7 26.Bc5 Rxc5 27.dxc5 Bxa1 28.Rxa1 Nf4 29.Nc3 d4 30.Ne4 Qc6
31.f3 Kb8 32.Qc4 g4 33.Nd6 Rd7 34.Rc1 gxf3 35.Kf2 Rg7 36.g3 Nh3+ 37.Kf1 Qd5
38.Qa4 Re7 39.Rb1 f2  0-1

[Event "Moscow Open E"]
[Site "Moscow RUS"]
[Date "2011.02.01"]
[Round "4"]
[White "Amonatov,F"]
[Black "Obolenskikh,D"]
[Result "1-0"]
[WhiteElo "2590"]
[BlackElo "2467"]

1.e4 e6 2.d4 d5 3.Nd2 Be7 4.Bd3 c5 5.dxc5 Nf6 6.Qe2 Nc6 7.Ngf3 Nb4 8.Bb5+ Bd7
9.O-O Nxc2 10.Rb1 Bxb5 11.Qxb5+ Qd7 12.Qe2 dxe4 13.Nxe4 Nd4 14.Nxd4 Qxd4
15.Nxf6+ Bxf6 16.b4 Rd8 17.Be3 Qe4 18.Qb5+ Ke7 19.Qa5 a6 20.b5 axb5 21.Rxb5 Rd7
22.Qa3 Be5 23.Rb4 Qc6 24.Rb6 Qd5 25.c6+ Bd6 26.Qc3 bxc6 27.Qxg7 Qe5 28.Bg5+ Ke8
29.Qxe5 Bxe5 30.Rxc6 f6 31.Rc8+ Rd8 32.Rxd8+ Kxd8 33.Be3 Kd7 34.Rd1+ Kc6
35.Rc1+ Kd5 36.Rc5+ Ke4 37.Rc4+ Kd5 38.Ra4 Rb8 39.g3 Rb5 40.Kg2 f5 41.Ra7 h5
42.Kh3 Bf6 43.Rd7+ Kc6 44.Rh7 Kd5 45.Rxh5 Ra5 46.g4 Rxa2 47.gxf5 exf5 48.Rxf5+ Ke6
49.Rb5 Ra4 50.Rh5 Kf7 51.Kg2 Kg6 52.Rd5 Rg4+ 53.Kf3 Ra4 54.h3 Rc4 55.Kg3 Re4
56.Bd2 Bh4+ 57.Kg2 Re2 58.Be3 Bf6 59.Kg3 Re1 60.h4 Rh1 61.Bg5 Bc3 62.Kf4 Rh2
63.Rd6+ Kf7 64.f3 Ra2 65.Kg4 Ra4+ 66.f4 Rc4 67.Rd7+ Kg8 68.h5 Rc6 69.h6 Ra6
70.Kh5 Bf6 71.Rb7 Rc6 72.Kg4 Ra6 73.Kf5 Bc3 74.Re7 Ra5+ 75.Kg4 Ra6 76.f5 Bf6
77.Bxf6 Rxf6 78.Kg5 Ra6 79.f6 Ra1 80.h7+  1-0

[Event "ch-CRO w"]
[Site "Topusko CRO"]
[Date "2011.02.01"]
[Round "3.1"]
[White "Purgar,I"]
[Black "Sargac,R"]
[Result "1-0"]
[WhiteElo "2151"]
[BlackElo "2186"]

1.e4 e6 2.d4 d5 3.Nd2 a6 4.Ngf3 c5 5.c3 Nc6 6.Bd3 Nf6 7.O-O cxd4 8.cxd4 Qb6
9.e5 Nd7 10.Nb3 a5 11.a4 Be7 12.Re1 Nb4 13.Bb1 Qc6 14.Bg5 Bf8 15.Re3 Nb6
16.Rc3 Nc4 17.Nbd2 h6 18.Bh4 Qa6 19.Nxc4 dxc4 20.Nd2 Bd7 21.Nxc4 Nd5 22.Rc1 Bc6
23.Qg4 g5 24.Bg3 O-O-O 25.Be4 h5 26.Qxg5 h4 27.Bxd5 Rxd5 28.Qf6 Rh7 29.Bxh4 Kb8
30.Nd6 Bxd6 31.Qd8+ Ka7 32.exd6 Rg7 33.Bg3 f5 34.Qf8 Rd7 35.Be5 Qb6 36.Rab1 Qb4
37.Qf6 R5xd6 38.Bxd6 Rxd6 39.b3 Rxd4 40.Qxe6 Rg4 41.Rxc6 Re4 42.Ra6+ bxa6
43.Qd7+ Kb6 44.Qd8+ Kb7 45.Qd1 Qe7 46.Rc1 Qe6 47.Qd2 Rb4 48.Qd8 Ka7 49.Qxa5 Rxb3
50.Qc5+ Ka8 51.h4 Rb8 52.Qc6+ Qxc6 53.Rxc6 Rb1+ 54.Kh2 Kb7 55.Rc4 a5 56.h5 Kb6
57.h6 Rd1 58.h7 Rd8 59.Rh4 Rh8 60.Kg3 Kc5 61.Kf4 Kd5 62.Kxf5  1-0

[Event "Moscow Open F Women"]
[Site "Moscow RUS"]
[Date "2011.02.02"]
[Round "5.11"]
[White "Kineva,E"]
[Black "Nakhbayeva,G"]
[Result "1-0"]
[WhiteElo "2120"]
[BlackElo "2209"]

1.e4 e6 2.d4 d5 3.Nd2 a6 4.c3 Nf6 5.e5 Nfd7 6.Bd3 c5 7.Ne2 Nc6 8.O-O Be7
9.Nf3 b6 10.Re1 g5 11.Be3 Bb7 12.h3 h5 13.Qd2 g4 14.Ng5 Nf8 15.h4 Qd7 16.Rf1 cxd4
17.cxd4 Bb4 18.Qd1 f6 19.exf6 O-O-O 20.Bf4 Ba5 21.Rc1 b5 22.a4 b4 23.Be5 Bc7
24.Nf4 Nxe5 25.dxe5 Kb8 26.Qe2 Ka7 27.Rxc7 Qxc7 28.Nfxe6 Nxe6 29.Nxe6 Qc6
30.Nxd8 Rxd8 31.e6 d4 32.f3 Rd6 33.f7 Rxe6 34.f8=Q Rxe2 35.Bxe2 g3 36.Qxb4 Qf6
37.Rd1  1-0

[Event "Gibraltar Masters"]
[Site "Caleta ENG"]
[Date "2011.02.03"]
[Round "10.70"]
[White "Cebada Benitez,F"]
[Black "Groffen,H"]
[Result "0-1"]
[WhiteElo "1997"]
[BlackElo "2169"]

1.e4 e6 2.d4 d5 3.Nd2 Be7 4.Bd3 c5 5.c3 Nc6 6.dxc5 Bxc5 7.Ngf3 Nf6 8.O-O dxe4
9.Nxe4 Nxe4 10.Bxe4 Qxd1 11.Rxd1 a5 12.Be3 Bxe3 13.Bxc6+ bxc6 14.fxe3 Ke7
15.Ne5 Ra6 16.e4 f6 17.Nc4 e5 18.Rd2 Be6 19.Ne3 Rd8 20.Rad1 Rxd2 21.Rxd2 g6
22.b3 Ra8 23.Kf2 f5 24.exf5 gxf5 25.g3 Rf8 26.Ng2 a4 27.b4 c5 28.a3 cxb4
29.cxb4 Rc8 30.Ne3 Rc3 31.Nc2 Bb3 32.Ne3 Ke6 33.Kf3 h5 34.h3 h4  0-1

[Event "TCh-CAT Div Hon"]
[Site "Barcelona ESP"]
[Date "2011.02.05"]
[Round "2"]
[White "Alonso Moyano,J"]
[Black "Baron Isanta,J"]
[Result "1-0"]
[WhiteElo "2391"]
[BlackElo "2363"]

1.e4 e6 2.d4 d5 3.Nd2 Be7 4.Bd3 c5 5.dxc5 Nf6 6.Qe2 O-O 7.Ngf3 a5 8.c3 Nc6
9.O-O Bxc5 10.e5 Nd7 11.Nb3 Be7 12.Bf4 a4 13.Nbd4 Nc5 14.Bc2 Bd7 15.Rfe1 Ra6
16.Nd2 f5 17.exf6 Bxf6 18.Be3 Qe7 19.f4 Bc8 20.a3 Bd7 21.Bf2 Ra5 22.N2f3 Bxd4
23.cxd4 Nb3 24.Qd3 g6 25.Bxb3 axb3 26.Be3 Ra6 27.Qxb3 Na5 28.Qa2 Nc4 29.g3 Rfa8
30.Nd2 Nxd2 31.Bxd2 Qd6 32.Re3 Rc8 33.Bc3 Rac6 34.Rf1 Rc4 35.Qb1 Qb6 36.Qd1 Rf8
37.h4 Qd8 38.h5 Rf6 39.Rf2 Be8 40.Qg4 Bf7 41.Qg5 Rc8 42.g4 Kh8 43.h6 Kg8
44.Qe5 Rc6 45.g5  1-0

[Event "ch-TUR"]
[Site "Kemer-Antalya TUR"]
[Date "2011.02.05"]
[Round "1"]
[White "Keler,F"]
[Black "Demir,Z"]
[Result "1-0"]
[WhiteElo "2219"]
[BlackElo "1942"]

1.e4 e6 2.d4 d5 3.Nd2 Nc6 4.Ngf3 Nf6 5.e5 Nd7 6.Nb3 f5 7.Bb5 Be7 8.Ng5 Bxg5
9.Qh5+ g6 10.Qxg5 Qxg5 11.Bxg5 h6 12.Bd2 Nd8 13.h4 c6 14.Bd3 b6 15.Nc1 a5
16.g4 Ba6 17.Bxa6 Rxa6 18.Rg1 Kf7 19.Nd3 c5 20.c3 c4 21.Nf4 g5 22.Nh3 gxh4
23.gxf5 exf5 24.Nf4 b5 25.Ke2 Ne6 26.Nxd5 Ndf8 27.Rh1 Ng6 28.Ne3 Nef4+ 29.Kf3 Ke6
30.Rag1 Rg8 31.Nxc4 bxc4 32.Bxf4 Rb6 33.Bc1 a4 34.a3 Kd5 35.Re1 f4 36.Reg1 h3
37.Ke2 Rgb8 38.Rxh3 Nf8 39.Rg8 Ne6 40.Rxb8 Rxb8 41.Rxh6 Rg8 42.Kf1 Re8 43.f3 Rb8
44.Ke1 Rg8 45.Kf2 Rb8 46.Rh7 Ng5 47.Rg7 Nh3+ 48.Kg2 Rh8 49.Rg6  1-0

[Event "33rd Bulgarian Open"]
[Site "Plovdiv BUL"]
[Date "2011.02.05"]
[Round "8.7"]
[White "Smith,Bry"]
[Black "Antic,De"]
[Result "1-0"]
[WhiteElo "2458"]
[BlackElo "2495"]

1.e4 e6 2.d4 d5 3.Nd2 Be7 4.Ngf3 Nf6 5.e5 Nfd7 6.Bd3 c5 7.c3 Nc6 8.O-O g5
9.Kh1 h5 10.dxc5 Nxc5 11.Bb5 Qb6 12.a4 a6 13.Bxc6+ bxc6 14.b4 Nd7 15.Nb3 g4
16.Be3 Qc7 17.Ne1 Nxe5 18.Bd4 f6 19.f4 Ng6 20.Nd3 a5 21.b5 cxb5 22.axb5 a4
23.b6 Qc6 24.Nbc5 Qxb6 25.Nxe6 Qc6 26.f5 Nf8 27.Nb4 Bxb4 28.cxb4 Bxe6 29.fxe6 Nxe6
30.Rxf6 Rf8 31.Rh6 Rf4 32.b5 Qd7 33.Be3 Rf8 34.Qe2 O-O-O 35.Qc2+ Kb8 36.Qxa4 d4
37.Rxe6 Qxe6 38.Qa7+  1-0

[Event "TCh-BEL 2010-11"]
[Site "Hauset BEL"]
[Date "2011.02.06"]
[Round "8.5"]
[White "Zelbel,P"]
[Black "Nieto,E"]
[Result "1-0"]
[WhiteElo "2384"]
[BlackElo "2272"]

1.e4 e6 2.d4 d5 3.Nd2 Be7 4.Bd3 c5 5.dxc5 Nf6 6.Qe2 O-O 7.Ngf3 a5 8.O-O Na6
9.e5 Nd7 10.c4 Naxc5 11.Bc2 b6 12.Nd4 Bb7 13.Rd1 Qb8 14.f4 a4 15.Rb1 Re8
16.b4 axb3 17.axb3 Ra2 18.b4 Na4 19.Qd3 g6 20.Qb3  1-0

[Event "ch-TUR"]
[Site "Kemer-Antalya TUR"]
[Date "2011.02.06"]
[Round "2"]
[White "Olcum,Berk"]
[Black "Ertan,Oktay"]
[Result "0-1"]
[WhiteElo "1844"]
[BlackElo "1941"]

1.e4 e6 2.d4 d5 3.Nd2 Nc6 4.Ngf3 Nf6 5.e5 Nd7 6.Nb3 a5 7.a4 Be7 8.Bb5 Na7
9.Bxd7+ Qxd7 10.Nxa5 b6 11.Nb3 Ba6 12.Be3 O-O 13.Nc1 c5 14.Nd3 Nc6 15.O-O c4
16.Nf4 c3 17.Nd3 cxb2 18.Ra2 Bxd3 19.cxd3 Nb4 20.Rxb2 Rxa4 21.Qb1 Rb8 22.Bd2 Nc6
23.Rxb6 Rxb6 24.Qxb6 Bd8 25.Qb2 h6 26.Rc1 Ra8 27.Qc2 Ne7 28.Bb4 Nf5 29.g3 Qb7
30.Bc5 Qa6 31.Rb1 Kh7 32.Rb3 Qa1+ 33.Qb1 h5 34.Kg2 Qxb1 35.Rxb1 g5 36.Nd2 g4
37.Nf1 Ra2 38.Kg1 Bg5 39.Rb7 Kg7 40.Rb8 Ra4 41.Bf8+ Kh7 42.h4 Bh6 43.Bxh6 Kxh6
44.Ne3 Ra1+ 45.Kg2 Nxd4 46.Rb2 Nf3 47.Nf1 Nxe5  0-1

[Event "ch-TUR"]
[Site "Kemer-Antalya TUR"]
[Date "2011.02.06"]
[Round "3.10"]
[White "Keler,F"]
[Black "Dogan,A"]
[Result "1-0"]
[WhiteElo "2219"]
[BlackElo "2099"]

1.e4 e6 2.d4 d5 3.Nd2 Be7 4.Bd3 Nf6 5.e5 Nfd7 6.Ne2 c5 7.c3 Nc6 8.O-O g5
9.f4 Qb6 10.Kh1 g4 11.c4 Nb4 12.Bb1 dxc4 13.Nxc4 Qa6 14.Ne3 h5 15.a3 cxd4
16.Nxd4 Nc5 17.Bd2 Nd5 18.b4 Nd7 19.Nxd5 exd5 20.Be3 Nb6 21.Bd3 Nc4 22.Qe2 Bd7
23.f5 Rc8 24.Bg1 f6 25.b5 Qb6 26.Ne6 Qxb5 27.exf6 Bxe6 28.Qxe6 Qd7 29.Qxd7+ Kxd7
30.fxe7 Kxe7 31.Bxa7  1-0

[Event "ch-TUR"]
[Site "Kemer-Antalya TUR"]
[Date "2011.02.06"]
[Round "3"]
[White "Sakalli,M"]
[Black "Burcu,C"]
[Result "0-1"]
[WhiteElo "2059"]
[BlackElo "1887"]

1.e4 e6 2.d4 d5 3.Nd2 a6 4.Ngf3 c5 5.c3 Nc6 6.Be2 Bd6 7.exd5 exd5 8.dxc5 Bxc5
9.Nb3 Bb6 10.O-O Nge7 11.Bf4 O-O 12.Qd2 Bg4 13.Rad1 Re8 14.Nfd4 Bxe2 15.Nxe2 Ng6
16.Bg3 Qf6 17.Ned4 h5 18.h3 h4 19.Bh2 Re4 20.Nf3 Rd8 21.Qc2 Re6 22.Nbd4 Nxd4
23.Nxd4 Re4 24.Nf3 Qe7 25.Qb3 Qc5 26.Rd2 Rde8 27.Qd1 Qc4 28.Qb3 Qc5 29.Qd1 Qc4
30.Qb3 Qc5 31.Nd4 Ne5 32.Bxe5 R8xe5 33.Qd1 Qc4 34.Nf3 Rf5 35.b3 Qxc3 36.Rxd5 Rxd5
37.Qxd5 Qc6 38.Qxc6 bxc6 39.Rc1 Re2 40.Rxc6 Bxf2+ 41.Kf1 Rxa2 42.Ng5 g6 43.Ne4 Bd4
44.Rc4 Be5 45.Nc5 g5 46.Nd3 Bg3 47.Rc1 Kg7 48.Nb4 Rf2+ 49.Kg1 a5 50.Nc6 Ra2
51.Rf1 f6 52.Ne7 Be5 53.Nc6 Bc7 54.Rd1 Bb6+ 55.Kh1 Kf7 56.Nd8+ Ke7 57.Nc6+ Ke6
58.Nd4+ Kd5 59.Nf3+ Kc5 60.Nd2 Kb4 61.Ne4 Rb2 62.Nxf6 Kxb3 63.Nd7 Bf2  0-1

[Event "Moscow Open Young GM"]
[Site "Moscow RUS"]
[Date "2011.02.06"]
[Round "11"]
[White "Sjugirov,S"]
[Black "Rakhmanov,Ale"]
[Result "1-0"]
[WhiteElo "2626"]
[BlackElo "2590"]

1.e4 e6 2.d4 d5 3.Nd2 Be7 4.Bd3 c5 5.dxc5 Nf6 6.Qe2 a5 7.Ngf3 Nfd7 8.exd5 exd5
9.O-O O-O 10.Re1 Bf6 11.Nb3 a4 12.Nbd4 Nxc5 13.h3 Nxd3 14.Qxd3 Nd7 15.Qb5 Nb8
16.Bd2 Nc6 17.Bc3 Ra6 18.Rad1 a3 19.b3 Qd6 20.Re3 Na7 21.Qb4 Qd8 22.Rde1 h6
23.Qc5 Kh7 24.Bb4 Rg8 25.Qc3 Bxd4 26.Nxd4 Nc6 27.Qd3+ Kh8 28.Nxc6 Rxc6 29.Bxa3 d4
30.Re5 Be6 31.Bb2 Rd6 32.R1e4 Qd7 33.Rxd4 Rxd4 34.Bxd4 Ra8 35.Re3 Rxa2 36.Qc3 Qc6
37.Bxg7+ Kh7 38.Qf6 Bd5 39.Qd8  1-0

[Event "Schachbundesliga 2010-11"]
[Site "Mulheim GER"]
[Date "2011.02.06"]
[Round "9"]
[White "Huschenbeth,N"]
[Black "Firman,N"]
[Result "0-1"]
[WhiteElo "2461"]
[BlackElo "2551"]

1.e4 e6 2.d4 d5 3.Nd2 Nc6 4.Ngf3 Nf6 5.e5 Nd7 6.c3 f6 7.Bb5 Qe7 8.O-O fxe5
9.dxe5 Nd8 10.Qe2 c6 11.Bd3 g6 12.Nb3 Nf7 13.c4 dxc4 14.Bxc4 Bg7 15.Bf4 O-O
16.Bd3 a5 17.Rac1 a4 18.Nbd2 Nc5 19.Nc4 b6 20.Nxb6 Nxd3 21.Qxd3 Ba6 22.Nc4 g5
23.Bg3 Rab8 24.Qe4 c5 25.Rfd1 Bb7 26.Qe2 Bd5 27.Nd6 g4 28.Ne1 Qg5 29.Nd3 h5
30.Rxc5 h4 31.Bf4 Qg6 32.Nxf7 Bf3 33.Qd2 Bxd1 34.Nd6 Bf3 35.gxf3 gxf3+ 36.Bg5 Bh6
37.Rc4 Bxg5 38.Rg4 Bxd2 39.Rxg6+ Kh7 40.Rxe6 a3 41.Re7+ Kg6 42.b3 Rxb3 43.axb3 Ra8
44.Re6+ Kh5  0-1

[Event "1st Open"]
[Site "Cento ITA"]
[Date "2011.02.07"]
[Round "3"]
[White "Fierro Baquero,M"]
[Black "Drasko,M"]
[Result "1/2-1/2"]
[WhiteElo "2353"]
[BlackElo "2486"]

1.e4 e6 2.d4 d5 3.Nd2 Nc6 4.Ngf3 Nf6 5.e5 Nd7 6.c3 f6 7.Bb5 fxe5 8.dxe5 Be7
9.Nd4 Ndxe5 10.Qh5+ Kf8 11.f4 Nf7 12.Bxc6 bxc6 13.Nxc6 Qd6 14.Nxe7 Qxe7 15.O-O g6
16.Qe2 a5 17.Re1 Kg7 18.Nf3 c5 19.b4 Re8 20.bxc5 e5 21.Nxe5 Nxe5 22.Qxe5+ Qxe5
23.Rxe5 Rxe5 24.fxe5 Bf5 25.Bf4 Kf7 26.Rd1 Rc8 27.Rxd5 Be6 28.Rd2 Rxc5 29.Rf2 Ke8
30.Rc2 Rc4 31.Bg5 Ra4 32.Rb2 Bxa2 33.Rb6 Re4 34.Bf6 a4 35.Rb8+ Kd7 36.Rb7+ Kc6
37.Rxh7 Bd5 38.Ra7 Kb6 39.Rd7 Bb3 40.Bd8+ Kc6 41.Rd6+ Kb5 42.Rxg6 Kc4 43.Rc6+ Kd3
44.Be7 Rxe5 45.Bb4 Bd5 46.Rg6 Re1+ 47.Kf2 Re2+ 48.Kf1 Ra2 49.h4 a3 50.Bxa3 Rxa3
51.h5 Ke4 52.h6 Rxc3 53.h7 Rc1+ 54.Kf2 Rh1 55.Rg7 Ke5 56.g4 Kf6 57.Ra7 Bf7
58.Ra6+ Kg5 59.Kg3 Rxh7 60.Ra5+ Kf6 61.Rf5+ Kg7 62.Kf4 Rh1 63.Ra5 Rb1 64.Kg5 Rb6
65.Re5 Rg6+ 66.Kf4 Kf8 67.Rg5 Rc6 68.Re5 Be6 69.Kg5 Kf7 70.Re4 Kg7 71.Ra4 Rc5+
72.Kh4 Kf6 73.Rb4 Rc8 74.Ra4 Rh8+ 75.Kg3 Rh1 76.Rb4 Rg1+ 77.Kh4 Rh1+ 78.Kg3 Ke5
79.Ra4 Bd5 80.Ra5 Rg1+ 81.Kh3 Ke4 82.Ra4+ Kf3 83.Kh4 Be4 84.Kg5 Rxg4+ 85.Kf6 Kf4
86.Ra1 Rg6+ 87.Ke7 Ke5 88.Re1 Rg7+ 89.Ke8 Kf5 90.Kd8 Ra7 91.Re2 Bd5 92.Re1 Be6
93.Re2 Kf6 94.Rd2 Bf5 95.Rd1 Be6 96.Rd2 Ke5 97.Rd1 Rg7 98.Rd2 Bd5 99.Ke8 Kd6
100.Rf2 Bc4 101.Rf6+ Be6 102.Rf1 Rg2 103.Rd1+ Bd5 104.Rf1 Rg6 105.Rf2 Bc4
106.Rf3 Rg7 107.Rf6+ Be6 108.Rf1 Rg8+ 109.Rf8 Bd7+ 110.Kf7 Rg1 111.Ra8 Be6+
112.Kf6 Rf1+ 113.Kg6 Ke5 114.Ra5+ Bd5 115.Kh5 Ke6 116.Kh4 Rg1 117.Rb5 Ke5
118.Kh5 Ke6 119.Kh4 Be4 120.Rg5 Rf1 121.Ra5 Kf6 122.Kg3 Bf5 123.Kg2 Rf4 124.Kg3 Kg5
125.Ra7 Rc4 126.Rg7+ Bg6 127.Kf2 Kf5  1/2-1/2

[Event "ch-TUR"]
[Site "Kemer-Antalya TUR"]
[Date "2011.02.08"]
[Round "5"]
[White "Ozturk,H"]
[Black "Yuksel,M"]
[Result "1-0"]
[WhiteElo "1727"]
[BlackElo "2050"]

1.e4 e6 2.d4 d5 3.Nd2 Be7 4.c3 Nf6 5.e5 Nfd7 6.Bd3 c5 7.Ne2 Nc6 8.Nf3 a6
9.O-O g5 10.Ne1 cxd4 11.cxd4 b5 12.f4 Qb6 13.Be3 gxf4 14.Nxf4 Ndxe5 15.Qh5 Bd7
16.Rc1 Nc4 17.Bxc4 bxc4 18.Qxf7+ Kxf7 19.Nxd5+ Ke8 20.Nxb6 Rb8 21.Nxc4 Nb4
22.Bf4 Rc8 23.Nd6+ Bxd6 24.Rxc8+ Bxc8 25.Bxd6 Nxa2 26.Nc2 Bb7 27.Ne3 Kd7
28.Bc5 a5 29.Ra1 Nb4 30.Rxa5 Nd5 31.Ng4 Ra8 32.Rb5 Ra1+ 33.Kf2 Ba6 34.Rb8 h5
35.Ne5+ Kc7 36.Rh8 Rf1+ 37.Kg3 Be2 38.Rh7+ Kc8 39.Rh6 Nf6 40.Be7 Ne4+ 41.Kh3 Rf4
42.Rxe6 Bg4+ 43.Nxg4 hxg4+ 44.Kh4 Kd7 45.Re5 g3+ 46.Kh3 gxh2 47.Kxh2 Nd6
48.d5 Nf7 49.Re2 Rd4 50.Bf6 Rxd5 51.Re7+ Kd6 52.Rxf7 Ke6 53.Rf8 Rh5+ 54.Kg3 Rf5
55.Kg4 Rf2 56.g3 Kd5  1-0

[Event "ch-St Petersburg S/F 2011"]
[Site "St Petersburg RUS"]
[Date "2011.02.11"]
[Round "1.4"]
[White "Khakimov,T"]
[Black "Gorovykh,E"]
[Result "1/2-1/2"]
[WhiteElo "2289"]
[BlackElo "2438"]

1.e4 e6 2.d4 d5 3.Nd2 Nc6 4.Ngf3 Nf6 5.e5 Nd7 6.Bb5 a6 7.Bxc6 bxc6 8.Nb3 c5
9.Bg5 Be7 10.Na5 Nxe5 11.dxe5 Bxg5 12.Nc6 Qd7 13.Nxg5 Qxc6 14.Qh5 g6 15.Qh6 Bb7
16.Qg7 O-O-O 17.Qxf7 d4  1/2-1/2

[Event "TCh-CAT Div Hon"]
[Site "Barcelona ESP"]
[Date "2011.02.12"]
[Round "3"]
[White "Alonso Moyano,J"]
[Black "Fluvia Poyatos,Jor"]
[Result "1/2-1/2"]
[WhiteElo "2391"]
[BlackElo "2469"]

1.e4 e6 2.d4 d5 3.Nd2 Nc6 4.Ngf3 Nf6 5.e5 Nd7 6.Nb3 a5 7.Bf4 a4 8.Nc1 a3
9.b3 Bb4+ 10.Bd2 Bxd2+ 11.Qxd2 b6 12.h4 f6 13.Qc3 Bb7 14.exf6 gxf6 15.Nd3 Qe7
16.O-O-O O-O-O 17.b4 e5 18.b5 Nxd4 19.Nxd4 exd4 20.Qxd4 Nc5 21.Re1 Qd6 22.g3 Rhe8
23.Bh3+ Kb8 24.Bf5 h6 25.Bg6 Re7 26.Nf4 Re5 27.Re3 Rxe3 28.fxe3 Ne6 29.Nxe6 Qxe6
30.Rf1 Rd6 31.Bd3 Qg8 32.Rf3 h5 33.Kd2 Bc8 34.Kc3 Qg7 35.Kb3 Bg4 36.Rf4 Bc8
37.Kxa3 Qxg3 38.Kb2 Bb7 39.Rxf6 Rxf6 40.Qxf6 Qxe3 41.Qh8+ Ka7 42.Qxh5 Qd4+
43.Kb3 Qa1 44.Qh7 Qb1+ 45.Kc3 Qe1+ 46.Kd4 Qa1+ 47.Ke3 Qg1+ 48.Kf4 d4 49.Qe7 Qf2+
50.Kg5 Qg3+ 51.Kh6 Qf4+ 52.Kg7 Qg4+ 53.Bg6 d3 54.cxd3 Qd4+ 55.Kh7 Kb8 56.h5 Bd5
57.Qd8+ Ka7 58.Qxc7+ Ka8 59.h6 Bg8+ 60.Kxg8 Qh8+ 61.Kf7 Qg7+ 62.Kxg7  1/2-1/2

[Event "1st Open"]
[Site "Cento ITA"]
[Date "2011.02.12"]
[Round "9"]
[White "Godena,M"]
[Black "Drasko,M"]
[Result "1-0"]
[WhiteElo "2541"]
[BlackElo "2486"]

1.e4 e6 2.d4 d5 3.Nd2 Nc6 4.Ngf3 Nf6 5.e5 Nd7 6.Be2 Be7 7.O-O f6 8.exf6 Bxf6
9.Re1 O-O 10.c3 e5 11.Qb3 Nb6 12.a4 exd4 13.a5 dxc3 14.bxc3 Nd7 15.Qxd5+ Kh8
16.Ne4 Nde5 17.Nxf6 Qxf6 18.Bg5 Qf5 19.Nxe5 Nxe5 20.f4 Nc6 21.Qxf5 Bxf5 22.a6 Rab8
23.Bf3 h6 24.axb7 Bd7 25.Rad1 Rfe8 26.Be7 Nxe7 27.Rxd7  1-0

[Event "ch-St Petersburg S/F 2011"]
[Site "St Petersburg RUS"]
[Date "2011.02.12"]
[Round "2.8"]
[White "Frolochkin,V"]
[Black "Martynov,P2"]
[Result "1-0"]
[WhiteElo "2328"]
[BlackElo "2204"]

1.e4 e6 2.d4 d5 3.Nd2 Be7 4.Bd3 c5 5.Ngf3 Nf6 6.exd5 exd5 7.dxc5 O-O 8.h3 a5
9.a4 Na6 10.Nb3 Nxc5 11.Nxc5 Bxc5 12.O-O Ne4 13.Ne5 Be6 14.Bb5 Qf6 15.Nd3 Bd6
16.Qh5 d4 17.Re1 Qf5 18.Qxf5 Bxf5 19.Bf4 Rfc8 20.f3 Bxf4 21.fxe4 Be3+ 22.Rxe3 dxe3
23.exf5 Rxc2 24.Re1 e2 25.Kf2 g6 26.fxg6 fxg6 27.Rxe2 Rf8+ 28.Ke1 Rc7 29.Re4 Kg7
30.Nf4 Rc1+ 31.Kd2 Rfc8 32.Bd3 Rg1 33.b4 axb4 34.Rxb4 Kf6 35.Rxb7 Ke5 36.Ke3 g5
37.Rb5+ Kf6 38.Rf5+  1-0

[Event "TCh-FIN 2010-11"]
[Site "Espoo FIN"]
[Date "2011.02.13"]
[Round "7.5"]
[White "Jarvenpaa,J"]
[Black "Lehtivaara,R"]
[Result "1-0"]
[WhiteElo "2121"]
[BlackElo "2182"]

1.e4 e6 2.d4 d5 3.Nd2 Nc6 4.Ngf3 Nf6 5.e5 Nd7 6.Nb3 a5 7.a4 f6 8.Bb5 g6 9.exf6 Qxf6
10.Bg5 Qf7 11.Qd2 Bb4 12.c3 Bd6 13.Bh6 Ne7 14.O-O c6 15.Bd3 Nf6 16.Rae1 Ng4
17.Bg5 Nf5 18.h3 Nf6 19.Ne5 Bxe5 20.Rxe5 O-O 21.Rfe1 Ng7 22.Qe2  1-0

[Event "IV Open A"]
[Site "Gora Swietej Anny POL"]
[Date "2011.02.13"]
[Round "3.16"]
[White "Skolarczyk,Maciej"]
[Black "Klimek,M"]
[Result "0-1"]
[WhiteElo "1586"]
[BlackElo "1825"]

1.e4 e6 2.d4 d5 3.Nd2 a6 4.Ngf3 c5 5.exd5 exd5 6.dxc5 Bxc5 7.Nb3 Bb6 8.c4 Qe7+
9.Qe2 dxc4 10.Qxe7+ Nxe7 11.Bxc4 O-O 12.O-O Nbc6 13.Bf4 Ng6 14.Bd2 Bg4 15.Be3 Bxe3
16.fxe3 Rae8 17.Rfe1 Be6 18.Bxe6 Rxe6 19.Nbd4 Nxd4 20.exd4 Rxe1+ 21.Rxe1 f6
22.Rc1 Re8 23.g3 Kf7 24.Kf2 Re7 25.Re1 Rc7 26.Ke3 Ne7 27.Kd3 Nd5 28.a3 b5
29.Nd2 Nb6 30.b3 f5 31.Re5 g6 32.Rc5 Re7 33.Nf3 Nd7 34.Ne5+ Rxe5 35.Rxe5 Nxe5+
36.dxe5 Ke6 37.Kd4 g5 38.h3 h5 39.a4 b4 40.a5 h4 41.gxh4 gxh4 42.Kc5 Kxe5
43.Kb6 f4  0-1

[Event "ch-POL Women"]
[Site "Warsaw POL"]
[Date "2011.02.13"]
[Round "2"]
[White "Jaracz,B"]
[Black "Socko,M"]
[Result "0-1"]
[WhiteElo "2274"]
[BlackElo "2489"]

1.e4 e6 2.d4 d5 3.Nd2 a6 4.c3 c5 5.Ngf3 Nf6 6.Bd3 Nc6 7.dxc5 Bxc5 8.O-O O-O
9.Qe2 Be7 10.Re1 Re8 11.e5 Nd7 12.Nb3 Nf8 13.Nbd4 f5 14.exf6 Bxf6 15.Bf4 Bd7
16.Ne5 Nxd4 17.cxd4 Re7 18.Rad1 Qe8 19.g3 Bb5 20.Rc1 Bxd3 21.Qxd3 Rd8 22.Rc3 Bxe5
23.Bxe5 Ng6 24.f4 Qf7 25.Qc2 Red7 26.Rc1 Ne7 27.Rc7 Nc6 28.Rxd7 Qxd7 29.Qe2 Rc8
30.Re1 Ne7 31.g4 Rc6 32.Qd2 Qc8 33.f5 exf5 34.Qg5 Ng6 35.gxf5 h6 36.Qh5 Rc1
37.Qxg6 Rxe1+ 38.Kf2 Rxe5 39.dxe5 Qc2+ 40.Ke3 Qe4+ 41.Kf2 Qxe5 42.Kg1 d4
43.Qb6 Qd5 44.f6 Qg5+ 45.Kh1 Qxf6  0-1